banner-ar

النشر الالكترونى فى المكتبات و مراكز المعلومات : (Record no. 61992)

MARC details
000 -الفاتح
حقل البيانات ثابتة الطول 01653nam a22003857a 4500
005 - وقت وتاريخ اخر تعامل مع التسجيلة
رقم الضبط 20240530110526.0
008 - عناصر البيانات ثابتة الطول - معلومات عامة
حقل البيانات ثابتة الطول 150601s2011 ku a g 000 0 ara d
040 ## - مصدر الفهرسة
وكالة الفهرسة الأصلية EG-CaGPL
082 04 - رقم تصنيف ديوى العشرى
رقم الطبعة 21
رقم التصنيف 025.04\
رقم المادة ع ن
100 0# - المدخل الرئيسى - إسم شخصى
الإسم الشخصى عصام منصور .
245 12 - بيان العنوان
العنوان النشر الالكترونى فى المكتبات و مراكز المعلومات :
بقية العنوان مفاهيم نظرية و تطبيقات عملية /
بيان المسئوليه,etc تاليف عصام منصور ، يعقوب ملا يوسف .
250 ## - بيان الطبعة
بيان الطبعة ط1.
260 ## - PUBLICATION, DISTRIBUTION, ETC. (IMPRINT)
تاريخ النشر أو التوزيع 2011 .
300 ## - الوصف المادى
التعداد 504 ص :
تفاصيل ماديه اخرى للوعاء صور لو ؛
أبعاد الوعاء 24 سم .
650 04 - المدخل الاضافى بالموضوع-مصطلح موضوعى
مصطلح موضوعي النشر الالكترونى .
650 04 - المدخل الاضافى بالموضوع-مصطلح موضوعى
مصطلح موضوعي flickr .
650 04 - المدخل الاضافى بالموضوع-مصطلح موضوعى
مصطلح موضوعي فليكر .
650 04 - المدخل الاضافى بالموضوع-مصطلح موضوعى
مصطلح موضوعي البودكاست .
650 04 - المدخل الاضافى بالموضوع-مصطلح موضوعى
مصطلح موضوعي المدونات الالكترونية
التقسيم الفرعي العام تقنيات .
650 04 - المدخل الاضافى بالموضوع-مصطلح موضوعى
مصطلح موضوعي المدونات الالكترونية .
650 04 - المدخل الاضافى بالموضوع-مصطلح موضوعى
مصطلح موضوعي جوجل
التقسيم الفرعي العام انشاء مواقع .
650 04 - المدخل الاضافى بالموضوع-مصطلح موضوعى
مصطلح موضوعي المواقع الالكترونية
التقسيم الفرعي العام تصميم .
650 04 - المدخل الاضافى بالموضوع-مصطلح موضوعى
مصطلح موضوعي المواقع الالكترونية .
650 04 - المدخل الاضافى بالموضوع-مصطلح موضوعى
مصطلح موضوعي ادوبى اكروبات .
650 04 - المدخل الاضافى بالموضوع-مصطلح موضوعى
مصطلح موضوعي الناشرون .
650 04 - المدخل الاضافى بالموضوع-مصطلح موضوعى
مصطلح موضوعي الماسح الضوئى
التقسيم الفرعي العام انواع .
650 04 - المدخل الاضافى بالموضوع-مصطلح موضوعى
مصطلح موضوعي الماسح الضوئى .
650 04 - المدخل الاضافى بالموضوع-مصطلح موضوعى
مصطلح موضوعي النشر الالكترونى
التقسيم الفرعي العام الانترنت .
650 04 - المدخل الاضافى بالموضوع-مصطلح موضوعى
مصطلح موضوعي النشر الالكترونى
التقسيم الفرعي العام عيوب .
650 04 - المدخل الاضافى بالموضوع-مصطلح موضوعى
مصطلح موضوعي النشر الالكترونى
التقسيم الفرعي العام مميزات .
650 04 - المدخل الاضافى بالموضوع-مصطلح موضوعى
مصطلح موضوعي النشر الالكترونى
التقسيم الفرعي العام تاريخ .
700 0# - المدخل الاضافى - اسم شخصى
الإسم الشخصى يعقوب ملا يوسف
الدور مؤلف مشارك .
942 ## - عناصر المدخل الإضافي( كوها)
مصدر التصنيف او مخطط الترفيف Dewey Decimal Classification
Koha [default] item type كتاب
260 ## - PUBLICATION, DISTRIBUTION, ETC. (IMPRINT)
-- الكويت :
-- مكتبة الفلاح للنشر و التوزيع ،
Holdings
حالة التراجع حالة الفقد حالة تلف ليس للاعارة المكان المؤقت الموقع الحالى تاريخ الاكتساب اجمالي اﻻعارات رقم الطلب الباركود تاريخ اخر مشاهدة تاريخ تفعيل السعر نوع وعاء كوها
        مكتبة القاهرة الكبرى مكتبة القاهرة الكبرى 03/06/2016   025.04\ ع ن 161467 03/06/2016 03/06/2016 كتاب

Powered By

EGPV